Word Ladder: Critically Acclaimed Quiz Stats

 Plays Quiz Updated Jul 10, 2012

Support Sporcle.
Go Orange.
Score 0/29 Timer 05:00
0 Plays Today
Hint Word % Correct
Spielberg's ''Jurassic ____'' -1993PARK
97.8%
'Go ahead, ____ my day.' (''Sudden Impact'')MAKE
97.6%
Actor Wahlberg of ''The Fighter''MARK
93.6%
Demi Moore, Judd Nelson, and Molly Ringwald make up three members of the 'Brat ____'PACK
93.5%
Murder weapon in ''Basic Instinct'' - Ice ____PICK
92.7%
'Magic Mirror on the ____, who is the fairest one of all?' (''Snow White and the Seven Dwarfs'')WALL
91.6%
'Leave the gun. ____ the cannoli.' (''The Godfather'')TAKE
91.3%
'____ always said life was like a box of chocolates...' (''Forrest Gump'')MAMA
90.8%
Buscemi's color in ''Reservoir Dogs''PINK
90.4%
1946 Best Picture Winner: ''The ____ Years of Our Lives''BEST
90.4%
'You've got to ask yourself one question: 'Do I feel lucky?' Well, do ya, ____?' (''Dirty Harry'')PUNK
89.8%
Jack Nicholson flew over this in 1975NEST
86.5%
'Guys, I'm eating ____ and watching rubbish! You better come out and stop me!' (''Home Alone'')JUNK
85.1%
''Auntie ____'' - 1958MAME
84.7%
Actress Rooney of ''The Girl with the Dragon Tattoo''MARA
84.7%
Hint Word % Correct
'If something happens to her...I'll kill you.' 'Really? That would be a ____ trick.' (''Beverly Hills Cop'')NEAT
80.5%
Reese Witherspoon won an Oscar for her
portrayal of this character.
JUNE
79%
'I'm as mad as ____, and I'm not going to
take this anymore!' (''Network'')
HELL
78%
''What Ever Happened to Baby ____?'' - 1962JANE
74.7%
'Open this door or we'll ____ it down and drag you out by the ropes you hanged yourselves with!' (''Beetlejuice'')BUST
74.4%
Surname of title character of 1977 Best Picture WinnerHALL
73.8%
'Get ____ living or get ____ dying.'
(''The Shawshank Redemption'')
BUSY
72.6%
Movie starring De Niro, Pacino, Voight, Kilmer, and PortmanHEAT
71.4%
'No ____ can declare a man guilty unless it's SURE.'
(''12 Angry Men'')
JURY
71.3%
'How am I supposed to____if I can't feel time?' (''Memento'')HEAL
68.8%
Emmy winner: ''____ My Heart At Wounded Knee''BURY
67.7%
Actor nominated for his performance in ''Cold Mountain''JUDE
58.1%
Actress nominated for ''A Star is Born''JUDY
58%
''Crouching Tiger Hidden Dragon'' villian: ____ FoxJADE
53.6%

Today's Daily Dose

Word Ladder
Math Aid

Get the Picture
Warrior Women

You're not logged in!

Compare scores with friends on all Sporcle quizzes.
OR
Log In
Forgot?

From the Vault

Fruit Ninja Fruit

by dsitt7

Gaming 3m
Smashing fruit has never been so fun.
Remove Ads.
Support Sporcle.
Get the best of Sporcle when you Go Orange. This ad-free experience offers more features, more stats, and more fun while also helping to support Sporcle. Thank you for becoming a member.

Show Comments

Extras

Top Quizzes Today


Score Distribution

Your Account Isn't Verified!

In order to create a playlist on Sporcle, you need to verify the email address you used during registration. Go to your Sporcle Settings to finish the process.

Report this User

Report this user for behavior that violates our Community Guidelines.

Details: